La sexualidad masculina: una explicación para comprender, un ensayo para reflexionar

Uloženo v:
Podrobná bibliografie
Hlavní autoři: Mimoun, Sylvain (autor), Chaby, Lucien (Autor)
Médium: Kniha
Jazyk:španělština
Vydáno: Ciudad de México Siglo Veintiuno 2001
Edice:Mosaicos
Témata:
Tagy: Přidat tag
Žádné tagy, Buďte první, kdo vytvoří štítek k tomuto záznamu!

MARC

LEADER 00000nam a2200000 a 4500
001 UCM4456
003 CL-VaPUC
008 020823e20010000MX |||||||||||||||||spa|d
082 0 4 |a 155.332  |b MIM  |2 21 
100 |a Mimoun, Sylvain  |e autor  |9 471024 
700 0 |a Chaby, Lucien  |e author  |9 471025 
245 1 3 |a La sexualidad masculina: una explicación para comprender, un ensayo para reflexionar 
300 |a 99 p 
942 |c BK 
945 |d 20020823 00:00:00  |a cmena 
260 |a Ciudad de México  |b Siglo Veintiuno  |c 2001 
650 7 |a SEXUALIDAD MASCULINA  |2 CL-VaPUC  |9 464615 
650 7 |a PSICOLOGIA SEXUAL  |2 CL-VaPUC  |9 471026 
650 7 |a TRASTORNOS SEXUALES  |2 CL-VaPUC  |9 309896 
583 |a last modification  |c 20130102 10:23:15  |k Rodrigo Vera 
490 0 |a Mosaicos 
999 |c 301173  |d 301171 
952 |0 0  |1 0  |4 0  |6 155_332000000000000_MIM_2001  |7 0  |8 A  |9 359918  |a BIBEDU  |b BIBEDU  |d 2019-11-21  |i 3838072  |o 155.332 MIM 2001  |p 3838072  |r 2019-11-21  |w 2019-11-21  |y BK  |k PSI